Countries Without First or Last Letter Quiz #01 - Statistics

General Stats
  • This quiz has been taken 1,438 times
  • The average score is 13 of 14
Answer Stats
Countries without First and Last Letters Full Country Names % Correct
gyp Egypt
98%
uatemal Guatemala
98%
iby Libya
98%
enezuel Venezuela
98%
lbani Albania
97%
ndorr Andorra
97%
osov Kosovo
97%
yrgyzsta Kyrgyzstan
97%
inlan Finland
96%
reec Greece
96%
amaic Jamaica
94%
ebano Lebanon
91%
e ealan New Zealand
83%
eni Benin
80%
No matching quizzes found
Score Distribution
Percent of People with Each Score
Percentile by Number Answered
Your Score History
You have not taken this quiz